| 000 | 00448nam a2200181Ia 4500 | ||
|---|---|---|---|
| 001 | 4420 | ||
| 005 | 20260306145754.0 | ||
| 008 | 260306t2006||||xx |||||||||||||| ||spa|| | ||
| 041 | _aESP | ||
| 082 |
_a321.8 _bG26 2008 |
||
| 100 |
_aGarzón, Valdez, Ernesto _eAUT |
||
| 245 | 0 | _aTolerancia, dignidad y democracia texto impreso | |
| 260 | _c2006 | ||
| 300 |
_a320 páginas : _ccm. |
||
| 650 | _aGEN | ||
| 654 | _aCDE | ||
| 942 |
_cLIB _dJUS _fJUS _2ddc _n |
||
| 999 |
_c4420 _d4420 |
||